Statistics for Capital City Quiz

Click here to take the quiz!

General Stats

  • This quiz has been taken 36 times
    (34 since last reset)
  • The average score is 52 of 64

Answer Stats

QuestionTileSelect?% Correct
Which of these cities are non-capitals?Brisbane
100%
Which of these cities are non-capitals?Manchester
100%
Which of these cities are non-capitals?Lisbon
100%
Which of these cities are non-capitals?Gothenburg
100%
Which of these cities are non-capitals?Beijing
100%
Which of these cities are non-capitals?Shanghai
100%
Which of these cities are non-capitals?Munich
100%
Which of these cities are non-capitals?Oslo
100%
Which of these cities are non-capitals?Montreal
100%
Which of these cities are non-capitals?Melbourne
100%
Which of these cities are non-capitals?Canberra
100%
Which of these cities are non-capitals?New York
100%
Which of these cities are non-capitals?Lyon
100%
Which of these capitals have over 10 million inhabitantsAthens
97%
Which of these cities are non-capitals?Antwerp
94%
Which of these capitals countries end in a vowel?Stockholm
94%
Which of these cities are non-capitals?Akranes
94%
Which of these capitals have over 10 million inhabitantsKiev
94%
Which of these capitals have over 10 million inhabitantsRome
94%
Which of these capitals have over 10 million inhabitantsNew Delhi
91%
Which of these capitals have over 10 million inhabitantsBerlin
91%
Which of these capitals have over 10 million inhabitantsBeijing
91%
Which of the US Cities are state capitalsLas Vegas
91%
Which of these cities are non-capitals?Sydney
91%
Which of the US Cities are state capitalsDallas
91%
Which of these capitals countries end in a vowel?Canberra
91%
Which of these capitals have over 10 million inhabitantsTokyo
88%
Which of these capitals countries end in a vowel?Sofia
88%
Which of the US Cities are state capitalsLos Angeles
88%
Which of these capitals countries end in a vowel?Ottawa
88%
Which of these capitals countries end in a vowel?Minsk
84%
Which of the US Cities are state capitalsChicago
84%
Which of these capitals countries end in a vowel?Tripoli
84%
Which of these capitals have over 10 million inhabitantsMadrid
84%
Which of these capitals countries end in a vowel?Tirana
84%
Which of the US Cities are state capitalsDetroit
84%
Which of these capitals have over 10 million inhabitantsJakarta
84%
Which of the US Cities are state capitalsHouston
81%
Which of the US Cities are state capitalsSeattle
78%
Which of these capitals countries end in a vowel?Brasilia
78%
Which of these capitals countries end in a vowel?Tokyo
78%
Which of the US Cities are state capitalsAustin
78%
Which of these capitals countries end in a vowel?Moscow
72%
Which of these capitals have over 10 million inhabitantsMoscow
72%
Which of these capitals countries end in a vowel?Buenos Aires
72%
Which of the US Cities are state capitalsReno
69%
Which of these capitals countries end in a vowel?Washington D.C
69%
Which of these capitals countries end in a vowel?Seoul
69%
Which of these capitals have over 10 million inhabitantsBrasilia
69%
Which of the US Cities are state capitalsDover
66%
Which of these capitals have over 10 million inhabitantsKinshasa
66%
Which of these capitals countries end in a vowel?Athens
66%
Which of these capitals countries end in a vowel?Oslo
63%
Which of the US Cities are state capitalsPierre
63%
Which of these capitals have over 10 million inhabitantsParis
63%
Which of the US Cities are state capitalsSanta Fe
63%
Which of these capitals countries end in a vowel?Ankara
63%
Which of the US Cities are state capitalsLansing
59%
Which of the US Cities are state capitalsBoston
59%
Which of the US Cities are state capitalsPortland
56%
Which of the US Cities are state capitalsFrankfort
53%
Which of these capitals have over 10 million inhabitantsLondon
47%
Which of these capitals have over 10 million inhabitantsBuenos Aires
47%
Which of these capitals have over 10 million inhabitantsCairo
28%

Score Distribution

Percentile by Number Answered

Percent of People with Each Score

Your Score History

You have not taken this quiz since the last reset